| 000 | 00824nam a22001457a 4500 | ||
|---|---|---|---|
| 020 | _a978-93-80658-86-5 | ||
| 082 |
_a823 _bBER/P |
||
| 100 | _aBERNARD, CARLO | ||
| 100 | _aMIRO, DOUG | ||
| 245 |
_aPRINCE OF PERSIA _bTHE SANDS OF TIME |
||
| 260 |
_aCHENNAI _bWESTLAND PUBLICATIONS _c2010 |
||
| 520 | _aIn the holy city of Alamut resides the Sands of Time, which gives mortals the power to turn back time. After leading an attack on the city, Dastan (Jake Gyllenhaal), the adopted son of Persia's king, acquires a dagger that gives the one who holds it access to the Sands. Dastan goes on the run with an Alamut princess named Tamina (Gemma Arterton) after being accused of killing his father. The pair must protect the ancient treasure from dark forces and unmask the king's assassin. | ||
| 650 |
_aNOVEL _zINDIA |
||
| 942 | _cBK | ||
| 999 |
_c2605 _d2605 |
||